Metodología para la determinación de la carga ganadera de pastos extensivos / (Record no. 182818)

MARC details
000 -LEADER
campo de control de longitud fija 00875nam a2200253 i 4500
001 - NÚMERO DE CONTROL
campo de control 182818
003 - IDENTIFICADOR DE NÚMERO DE CONTROL
campo de control ES-MaACL
005 - FECHA Y HORA DE LA ÚLTIMA TRANSACCIÓN
campo de control 20230906221723.0
008 - DATOS DE LONGITUD FIJA--INFORMACIÓN GENERAL
campo de control de longitud fija 131106s1986 sp a |||| | spa d
020 ## - NÚMERO INTERNACIONAL ESTÁNDAR DEL LIBRO
Número Internacional Estándar del Libro 84-7498-268-5
080 ## - NÚMERO DE LA CLASIFICACIÓN DECIMAL UNIVERSAL
Número de la Clasificación Decimal Universal 636.084
080 ## - NÚMERO DE LA CLASIFICACIÓN DECIMAL UNIVERSAL
Número de la Clasificación Decimal Universal 633.2
245 00 - MENCIÓN DEL TÍTULO
Título Metodología para la determinación de la carga ganadera de pastos extensivos /
Mención de responsabilidad, etc. M. Martín Bellido ... [et al.].
260 ## - PUBLICACIÓN, DISTRIBUCIÓN, ETC.
Lugar de publicación, distribución, etc. Madrid :
Nombre del editor, distribuidor, etc. Instituto Nacional de Investigaciones Agrarias,
Fecha de publicación, distribución, etc. 1986.
300 ## - DESCRIPCIÓN FÍSICA
Extensión 37 p. ;
Dimensiones 24 cm.
490 1# - MENCIÓN DE SERIE
Mención de serie Monografías I.N.I.A. ;
Designación de volumen o secuencia 57
650 04 - PUNTO DE ACCESO ADICIONAL DE MATERIA--TÉRMINO DE MATERIA
Término de materia o nombre geográfico como elemento de entrada Animales-
Subdivisión general Alimentación.
9 (RLIN) 9829
650 #4 - PUNTO DE ACCESO ADICIONAL DE MATERIA--TÉRMINO DE MATERIA
Término de materia o nombre geográfico como elemento de entrada Prados.
9 (RLIN) 153789
700 1# - ENTRADA AGREGADA--NOMBRE PERSONAL
Nombre de persona Martín Bellido, Manuel.
9 (RLIN) 153790
710 2# - ENTRADA AGREGADA--NOMBRE DE ENTIDAD CORPORATIVA
Nombre de entidad corporativa o nombre de jurisdicción como elemento de entrada Instituto Nacional de Investigaciones Agrarias (España)
9 (RLIN) 5168
830 0# - PUNTO DE ACCESO ADICIONAL DE SERIE-TÍTULO UNIFORME
Título uniforme Monografías I.N.I.A. ;
Designación de volumen o secuencia 57
9 (RLIN) 177538
852 ## - LOCALIZACIÓN
Ubicación ES-MaACL
Número de control de estantería 2329-F-30
Holdings
Estatus retirado Estado de pérdida Estado de daño No para préstamo Colección Biblioteca de origen Biblioteca actual Ubicación en estantería Fecha de adquisición Fuente de adquisición Total de préstamos Signatura topográfica completa Código de barras Visto por última vez Precio de reemplazo Tipo de ítem Koha
        Colección de folletos Biblioteca del Ateneo de Madrid Biblioteca del Ateneo de Madrid Depósito folletos 06/11/2013     2329-F-30 1192134 23/02/2023 23/02/2023 Folleto